MARC details
| 000 -LEADER |
| campo de control de longitud fija |
03046cam a2200373Ia 4500 |
| 001 - NÚMERO DE CONTROL |
| campo de control |
50363 |
| 005 - FECHA Y HORA DE LA ÚLTIMA TRANSACCIÓN |
| campo de control |
20230411090002.0 |
| 008 - DATOS DE LONGITUD FIJA--INFORMACIÓN GENERAL |
| campo de control de longitud fija |
990204s1998 enk b 001 0 eng d |
| 035 ## - NÚMERO DE CONTROL DEL SISTEMA |
| Número de control de sistema |
(OCoLC)ocm40733459 |
| 040 ## - FUENTE DE CATALOGACIÓN |
| Centro catalogador/agencia de origen |
SNM |
| Centro/agencia transcriptor |
SNM |
| Centro/agencia modificador |
OCLCQ |
| -- |
NGW |
| -- |
OCLCQ |
| -- |
BAKER |
| -- |
YDXCP |
| 020 ## - NÚMERO INTERNACIONAL ESTÁNDAR DEL LIBRO |
| Número Internacional Estándar del Libro |
0521645654 (pbk.) |
| 020 ## - NÚMERO INTERNACIONAL ESTÁNDAR DEL LIBRO |
| Número Internacional Estándar del Libro |
9780521645652 (pbk.) |
| 029 1# - OTRO NÚMERO DE CONTROL DE SISTEMA (OCLC) |
| Identificador de la biblioteca OCLC |
YDXCP |
| Número de control de sistema |
1480917 |
| 035 ## - NÚMERO DE CONTROL DEL SISTEMA |
| Número de control de sistema |
(OCoLC)40733459 |
| 043 ## - CÓDIGO DE ÁREA GEOGRÁFICA |
| Código de área geográfica |
n-us--- |
| 090 ## - LOCALMENTE ASIGNADO TIPO-LC NÚMERO DE CLASIFICACIÓN (OCLC); NÚMERO DE CLASIFICACIÓN LOCAL (RLIN) |
| Número de clasificación (OCLC) (R) ; Numero de clasificación, CALL (RLIN) (NR) |
HV2545 |
| Número cutter local (OCLC) ; Número de libro/Signatura topográfica íntegra, CALL (RLIN) |
.C85 1998 |
| 049 ## - FONDOS LOCALES (OCLC) |
| Biblioteca depositaria |
GRAL |
| 245 00 - MENCIÓN DEL TÍTULO |
| Título |
Cultural and language diversity and the deaf experience |
| Mención de responsabilidad, etc. |
editor, Ila Parasnis. |
| 250 ## - MENCION DE EDICION |
| Mención de edición |
1st pbk. ed. |
| 260 ## - PUBLICACIÓN, DISTRIBUCIÓN, ETC. |
| Lugar de publicación, distribución, etc. |
Cambridge ; |
| -- |
New York, NY : |
| Nombre del editor, distribuidor, etc. |
Cambridge University Press, |
| Fecha de publicación, distribución, etc. |
2007 |
| 300 ## - DESCRIPCIÓN FÍSICA |
| Extensión |
xiv, 306 p. ; |
| Dimensiones |
24 cm. |
| 504 ## - NOTA DE BIBLIOGRAFÍA, ETC. |
| Nota de bibliografía, etc. |
Includes bibliographical references and index. |
| 505 00 - NOTA DE CONTENIDO CON FORMATO |
| Información miscelánea |
Part I. Bilingualism-biculturalism and the deaf experience: an overview. |
| Título |
On interpreting the deaf experience within the context of cultural and language diversity / |
| Mención de responsabilidad |
Ila Parasnis -- |
| Título |
Living with two languages and two cultures / |
| Mención de responsabilidad |
Francois Grosjean -- |
| Título |
Perspectives from the history and the politics of bilingualism and bilingual education in the United States / |
| Mención de responsabilidad |
Kenji Hakuta, Elizabeth Feldman Mostafapour -- |
| Título |
Cognitive and language development of bilingual children / |
| Mención de responsabilidad |
Josiane F. Hamers. |
| 505 00 - NOTA DE CONTENIDO CON FORMATO |
| Información miscelánea |
Part II. Psychosocial, cognitive, and language experiences of deaf people. |
| Título |
From the cultural to the bicultural: the modern deaf community / |
| Mención de responsabilidad |
Carol A. Padden -- |
| Título |
Early bilingual lives of deaf children / |
| Mención de responsabilidad |
Carol A. Padden -- |
| Título |
Communication experiences of deaf people: an ethnographic account / |
| Mención de responsabilidad |
Susan B. Foster -- |
| Título |
Marginality, biculturalism, and social identity of deaf people / |
| Mención de responsabilidad |
R. Greg Emerton -- |
| Título |
Attitudes of the deaf community toward political activism / |
| Mención de responsabilidad |
Gerald C. Bateman -- |
| Título |
Cultural and language diversity in the curriculum: toward reflective practice / |
| Mención de responsabilidad |
Bonnie Meath-Lang -- |
| Título |
Minority empowerment and the education of deaf people / |
| Mención de responsabilidad |
Joan B. Stone -- |
| Título |
Social assimilation of deaf high school students: the role of school environment / |
| Mención de responsabilidad |
Thomas K. Holcomb. |
| 505 00 - NOTA DE CONTENIDO CON FORMATO |
| Información miscelánea |
Part III. The Deaf experience: personal reflections. |
| Título |
Growing up deaf in deaf families: two different experiences / |
| Mención de responsabilidad |
Susan C. Searls, David R. Johnston -- |
| Título |
Another new birth: reflections of a deaf native signer / |
| Mención de responsabilidad |
Patrick A. Graybill -- |
| Título |
Raising deaf children in hearing society: struggles and challenges for deaf native ASL signers / |
| Mención de responsabilidad |
Gary E. Mowl -- |
| Título |
In search of self: experiences of a postlingually deaf African-American / |
| Mención de responsabilidad |
Dianne K. Brooks -- |
| Título |
Living in a bilingual-bicultural family / |
| Mención de responsabilidad |
Lynn Finton -- |
| Título |
On being both hearing and deaf: my bilingual-bicultural experience / |
| Mención de responsabilidad |
Patricia Mudgett-DeCaro. |
| 650 #0 - PUNTO DE ACCESO ADICIONAL DE MATERIA--TÉRMINO DE MATERIA |
| Término de materia o nombre geográfico como elemento de entrada |
Deaf |
| Subdivisión geográfica |
United States |
| Subdivisión general |
Social conditions. |
| 650 #0 - PUNTO DE ACCESO ADICIONAL DE MATERIA--TÉRMINO DE MATERIA |
| Término de materia o nombre geográfico como elemento de entrada |
Linguistic minorities |
| Subdivisión geográfica |
United States. |
| 650 #0 - PUNTO DE ACCESO ADICIONAL DE MATERIA--TÉRMINO DE MATERIA |
| Término de materia o nombre geográfico como elemento de entrada |
Multiculturalism |
| Subdivisión geográfica |
United States. |
| 700 1# - ENTRADA AGREGADA--NOMBRE PERSONAL |
| Nombre de persona |
Parasnis, Ila. |
| 938 ## - |
| -- |
YBP Library Services |
| -- |
YANK |
| -- |
1480917 |
| 938 ## - |
| -- |
Baker & Taylor |
| -- |
BKTY |
| -- |
31.99 |
| -- |
31.99 |
| -- |
0521645654 |
| -- |
0003196857 |
| -- |
active |
| 942 ## - ELEMENTOS DE ENTRADA SECUNDARIOS (KOHA) |
| Fuente del sistema de clasificación o colocación |
Clasificación de Library of Congress |
| Tipo de ítem Koha |
|
| 994 ## - |
| -- |
C0 |
| -- |
DRFGD |